Statistics for "I Am Groot" in different languages

Click here to take the quiz!

General Stats

  • This quiz has been taken 82 times
  • The average score is 9 of 15

Answer Stats

HintAnswer% Correct
I am GrootEnglish
98%
我是格魯特Chinese
90%
Ich bin GrootGerman
85%
私はグルートですJapanese
73%
Yo soy GrootSpanish
73%
میں گروٹ ہوں۔Urdu
68%
NginguGrootZulu
63%
Jeg er GrootDanish
59%
Eu sou GrootPortuguese
56%
Ego sum GrootLatin
51%
Είμαι ο ΓκρουτGreek
46%
Sono GrootItalian
46%
Aš esu GrootasLithuanian
39%
Ja sam GrootCroatian
37%
Ben Groot'umTurkish
34%

Score Distribution

Percentile by Number Answered

Percent of People with Each Score

Your Score History

You have not taken this quiz